| 000 | 004960000a22001810004500 | ||
|---|---|---|---|
| 003 | LK-CoMWRAF | ||
| 005 | 20231006094631.0 | ||
| 008 | 230817t1083 ||||| |||| 00| 0 eng d | ||
| 040 |
_aLK-CoMWRAF _dLK-CoMWRAF _eLK-CoMWRAF |
||
| 041 | _aeng | ||
| 082 |
_a297 _bMOU |
||
| 100 | _aMoussa, Muhammad Youssef | ||
| 245 | _aIslam and Humanity's need of it | ||
| 260 |
_bThe Supreme Council for Islamic Affairs _aU.A.R. (Cairo) |
||
| 300 | _a298p | ||
| 490 | _aStudies in Islam Series | ||
| 942 | _cBK | ||
| 999 |
_c1533 _d1533 |
||